00414nam a2200145Ia 4500003000400000005001700004008004100021040001800062041000800080100004400088110001900132245005800151260002000209710003900229OSt20260317113915.0211028s2017 xx 000 0 und d cAIMIT LIBRARY aeng aGurav, Devraj; Suvaris, Roshan.g141720 aRiyaz Mohammed aCloud based workload commissioning and skill matrix / aBangalorec2017 aParinati Solutions Private Limited